00495nam a2200193 a 4500001001300000003000900013005001700022008004100039020002300080082001600103100001700119245003400136260003900170300000900209500003500218505001000253650002100263700001700284nice12345678IN_TiNIC20260116014114.0121108s2009 dela grp 000 0 eng  a9788120810990c29500a181.4bHIR2 aHiriyanna, M aOutlines of Indian Philosophy aDelhi bMotilal Banarsidass c2009 a419p aincludes index and biblioraphy2 aIndex aPhilosophy-India1 aHiriyanna, M